| 000 | 00526nam a22001697a 4500 | ||
|---|---|---|---|
| 003 | NUST | ||
| 005 | 20260506165322.0 | ||
| 008 | 260506b ||||| |||| 00| 0 eng d | ||
| 020 | _a 978-1570033940 | ||
| 082 |
_aIGIS-367 _bVER |
||
| 100 |
_a F. John Vernberg, Winona B. Vernberg. _9134356 |
||
| 245 |
_aThe Coastal Zone: Past, Present, and Future / _c F. John Vernberg, Winona B. Vernberg. |
||
| 260 |
_bUniversity of South Carolina Press, _c2001. |
||
| 300 |
_a191 p ; _c28.3 cm |
||
| 563 | _aHardcover | ||
| 942 |
_2ddc _cBK |
||
| 999 |
_c617336 _d617336 |
||